Normal view
MARC view
- The trun of the tide
Entry Topical Term
001 - CONTROL NUMBER
- control field: 108319
003 - CONTROL NUMBER IDENTIFIER
- control field: NUST
005 - DATE AND TIME OF LATEST TRANSACTION
- control field: 20230131185638.0
008 - FIXED-LENGTH DATA ELEMENTS
- fixed length control field: 230131|| aca||aabn | a|a d
040 ## - CATALOGING SOURCE
- Original cataloging agency: NUST
- Transcribing agency: NUST
150 ## - HEADING--TOPICAL TERM
- Topical term or geographic name entry element: The trun of the tide
670 ## - SOURCE DATA FOUND
- Source citation: Work cat.: (NUST)187097: Arthur Bryant 108318, The trun of the tide /, 1943
